000 00592cas a22002055a 4500
001 L138996
008 070719d19891989xxkmr p 0 a0eng u
035 _a(Sirsi) u138996
041 0 _aeng
110 2 _aRating and Valuation Association
_91873
245 0 0 _aRVA Monthly
260 _aLondon
_bRVA
_c1989
362 0 _aJanuary-December 1989
554 _a12 per year
651 4 _aUnited Kingdom
_y
690 _aPROPERTY-PROPERTY APPRAISAL AND VALUATION
780 0 0 _tRating and Valuation
_bThe Journal of the Rating and Valuation Association
785 0 0 _tRRV Monthly
942 _n0
999 _c119063
_d119063